Neural networks with R: smart models using CNN RNN deep learning and artificial intelligence principles. (Record no. 196238)
[ view plain ]
| 000 -LEADER | |
|---|---|
| fixed length control field | 00581nam a2200157Ia 4500 |
| 008 - FIXED-LENGTH DATA ELEMENTS--GENERAL INFORMATION | |
| fixed length control field | 210716s2017 xx 000 0 und d |
| 020 ## - INTERNATIONAL STANDARD BOOK NUMBER | |
| International Standard Book Number | 9781788397872 |
| 041 ## - LANGUAGE CODE | |
| Language code of text/sound track or separate title | eng |
| 082 ## - DEWEY DECIMAL CLASSIFICATION NUMBER | |
| Classification number | 006.32 CIAG |
| 100 ## - MAIN ENTRY--PERSONAL NAME | |
| Personal name | Ciaburro, Giuseppe;Venkateswaran, Balaji. |
| 245 ## - TITLE STATEMENT | |
| Title | Neural networks with R: smart models using CNN RNN deep learning and artificial intelligence principles. |
| Remainder of title | Smart models using CNN RNN deep learning and artificial intelligence principles. |
| 250 ## - EDITION STATEMENT | |
| Edition statement | 1 |
| 260 ## - PUBLICATION, DISTRIBUTION, ETC. | |
| Place of publication, distribution, etc. | Mumbai |
| Name of publisher, distributor, etc. | Packt Publishing Ltd |
| Date of publication, distribution, etc. | 2017 |
| 300 ## - PHYSICAL DESCRIPTION | |
| Extent | iv,256 |
| 650 ## - SUBJECT ADDED ENTRY--TOPICAL TERM | |
| Topical term or geographic name entry element | Neural Networks(006.32) |
| Withdrawn status | Lost status | Damaged status | Not for loan | Collection code | Home library | Current library | Source of acquisition | Cost, normal purchase price | Total Checkouts | Full call number | Barcode | Date last seen | Cost, replacement price | Price effective from | Koha item type |
|---|---|---|---|---|---|---|---|---|---|---|---|---|---|---|---|
| MCA | St Aloysius Institute of Management & Information Technology | St Aloysius Institute of Management & Information Technology | Knowledge World | 799.00 | 006.32 CIAG | MCA15753 | 05/23/2026 | 623.22 | 07/16/2021 | Book |